Five little pigs (Record no. 5003)
[ view plain ]
| 000 -LEADER | |
|---|---|
| fixed length control field | 00693 a2200229 4500 |
| 020 ## - INTERNATIONAL STANDARD BOOK NUMBER | |
| International Standard Book Number | 0-00-616372-6 |
| 040 ## - CATALOGING SOURCE | |
| Original cataloging agency | DLC |
| Language of cataloging | DLC |
| 082 ## - DEWEY DECIMAL CLASSIFICATION NUMBER | |
| Classification number | 823.912 |
| 100 1# - MAIN ENTRY--PERSONAL NAME | |
| Personal name | Christie, Agatha, |
| 245 10 - TITLE STATEMENT | |
| Title | Five little pigs |
| Statement of responsibility, etc. | Christie, Agatha |
| 260 ## - PUBLICATION, DISTRIBUTION, ETC. | |
| Place of publication, distribution, etc. | London : |
| Name of publisher, distributor, etc. | HarperCollins, |
| Date of publication, distribution, etc. | 2000, c1942 |
| 300 ## - PHYSICAL DESCRIPTION | |
| Extent | 233p. |
| 500 ## - GENERAL NOTE | |
| General note | Originally published: London : Collins, 1942 |
| 500 ## - GENERAL NOTE | |
| General note | Originalupplaga |
| 500 ## - GENERAL NOTE | |
| General note | �ven utgiven med titeln: Murder in retrospect |
| 650 #7 - SUBJECT ADDED ENTRY--TOPICAL TERM | |
| Topical term or geographic name entry element | Poirot, Hercule (Fictitious character) |
| 650 #7 - SUBJECT ADDED ENTRY--TOPICAL TERM | |
| Topical term or geographic name entry element | Private investigators |
| Geographic subdivision | Belgium |
| 650 #7 - SUBJECT ADDED ENTRY--TOPICAL TERM | |
| Topical term or geographic name entry element | Murder |
| General subdivision | Investigation |
| Geographic subdivision | England |
| 650 #7 - SUBJECT ADDED ENTRY--TOPICAL TERM | |
| Topical term or geographic name entry element | Poisoning |
| Geographic subdivision | England |
| 655 #4 - INDEX TERM--GENRE/FORM | |
| Genre/form data or focus term | Bok |
| 942 ## - ADDED ENTRY ELEMENTS (KOHA) | |
| Koha item type | Book |
| Call number prefix | 823.912 CHR |
| Source of classification or shelving scheme | |
| Withdrawn status | Lost status | Damaged status | Not for loan | Collection code | Permanent Location | Current Location | Shelving location | Date acquired | Source of acquisition | Cost, normal purchase price | Total Checkouts | Total Renewals | Full call number | Barcode | Date last seen | Date last checked out | Price effective from | Koha item type |
|---|---|---|---|---|---|---|---|---|---|---|---|---|---|---|---|---|---|---|
| Central Library (CL) | Central Library (CL) | General Stacks | 01/06/2005 | Saeed Book Bank | 175.50 | 1 | 3 | 823.912 CHR | SEECS005229 | 04/18/2022 | 09/28/2015 | 01/05/2017 | Book |
